000 00581nam a2200241Ia 4500
003 OSt
005 20220924152039.0
006 a|||||r|||| 00| 0
007 ta
008 220923b |||||||| |||| 00| 0 tel d
020 _c5.00
024 _a340556
037 _cTextual
040 _aARTS
_cARTS
_btel
041 _2tel
_atel
082 _aO155,3N15,16, J9
100 _aJoshi
_918016
245 0 _aSulabha
260 _c1959
650 _aMARATHI LITERATURE
_938000
942 _hO155,3N15,16, J9
_cTEXL
_2CC
999 _c468514
_d468514